000 00706nam a22002057a 4500
003 LK-CoDNM
005 20241030101730.0
008 241025b |||||||| |||| 00| 0 eng d
040 _aLK-CoDNM
_dLK-CoDNM
_eLK-CoDNM
041 _asin
080 _aප්‍ර.ව
_b61.1
100 _aපෙරේරා ආර් .සී
245 _aවෙසක් රසය
_b9 - කලාපය
_cක්‍රි.ව 1958 මැයි 3 දින
300 _a32P. ; 21 CM
650 _aප්‍ර.ව 61.1
650 _aපෙරේරා ආර් .සී
650 _aක්‍රි.ව 1958 මැයි 3 දින
650 _aවෙසක් රසය
942 _cBK
999 _c224896
_d224896